[Event "Madrid-chT Honor 2122"]
[Site "Madrid"]
[Date "2021.12.12"]
[Round "2.6"]
[White "Kohler, Sigmund"]
[Black "Rodriguez Melendez, Juan Humbert"]
[Result "0-1"]
[WhiteElo "2002"]
[BlackElo "2149"]
[PlyCount "116"]
[EventDate "2021.11.27"]
[EventType "team-tourn"]
[EventRounds "14"]
[EventCountry "ESP"]
[SourceTitle "EXT 2024"]
[Source "ChessBase"]
[SourceDate "2023.10.10"]
[SourceVersion "1"]
[SourceVersionDate "2023.10.10"]
[SourceQuality "1"]
[WhiteTeam "La Didactica"]
[BlackTeam "Blanco y Negro"]
[WhiteTeamCountry "ESP"]
[BlackTeamCountry "ESP"]

1. d4 Nf6 2. Nf3 g6 3. Bg5 Bg7 4. Nbd2 d5 5. e3 0-0 6. Bd3 c5 7. c3 Qb6 8. Rb1 Nc6 9. 0-0 Re8 10. Re1 e5 11. dxc5 Qxc5 12. e4 dxe4 13. Nxe4 Nxe4 14. Bxe4 Be6 15. Ra1 a5 16. Qc1 f6 17. Bh6 a4 18. h4 f5 19. Bc2 e4 20. Bxg7 Kxg7 21. Ng5 Bc4 22. b3 Bg8 23. c4 a3 24. Qd2 Red8 25. Qc3+ Qd4 26. Qxd4+ Rxd4 27. Rad1 Rad8 28. Rxd4 Rxd4 29. Kf1 Kf6 30. Re2 h6 31. Nh3 g5 32. hxg5+ hxg5 33. Ke1 Be6 34. Rd2 f4 35. Ng1 e3 36. fxe3 fxe3 37. Re2 Nb4 38. Bb1 Bf5 39. Bxf5 Kxf5 40. Nf3 Rd8 41. Nh2 Rh8 42. Nf1 Rh1 43. Rxe3 Nc2+ 44. Kd2 Rxf1 45. Kxc2 Rf2+ 46. Kc3 Rxg2 47. b4 Rxa2 48. Kb3 Ra1 49. Re7 b6 50. Rb7 g4 51. Rxb6 g3 52. Rb8 g2 53. Rg8 g1Q 54. Rxg1 Rxg1 55. Kxa3 Ke6 56. Ka4 Kd6 57. Kb5 Kc7 58. c5 Rb1 0-1